000 00646nam a2200229Ia 4500
003 OSt
005 20220601105330.0
008 210423s2013 xx 000 0 und d
020 _a978-0-393-92324-7
040 _cAL
041 _aeng
082 _a791.4375 GEIF
100 _aGEIGER ( Jeffrey );RUTSKY ( R L )
_939875
245 _aFilm analysis: a norton reader
260 _aNew York
_bW W Norton & Co.
_c2013
300 _axvii,134p
_bPB
365 _b2611.13
_cINR
650 _aMotion Pictures, Radio, Television
_939876
650 _aPublic Performances
_939877
906 _aanalysis: ; Film ; norton ; reader
942 _2ddc
_cBK
999 _c165801
_d165801